Sports Quiz

Random Sports Quiz
Score 0/22 Timer 02:30
0 Plays Today
% Correct
Movistar
95.3%
AG2R La Mondiale
95.3%
Deceuninck-Quick Step
94.8%
Team Jumbo-Visma
94.2%
Astana Pro
93%
UAE- Emirates
92.4%
Team INEOS
91.3%
Michelton-Scott
91.3%
BORA-hansgrohe
90.7%
Groupama-FDJ
90.1%
EF Education First
89%
% Correct
Katusha-Alpecin
88.4%
Bahrain Merida
87.8%
CCC
87.2%
Wanty Gobert
86.6%
Cofidis
86.6%
Total Direct Energie
86%
Team Dimension Data
84.9%
Arkea Samsic
83.7%
Lotto Soudal
83.1%
Trek-Segafredo
82%
Team Sunweb
75.6%
Come Together.
Have Fun.
All Virtual.
We all need to come together. Play Sporcle's virtual live trivia to have fun, connect with people, and get your trivia on. Join a live hosted trivia game for your favorite pub trivia experience done virtually. If a virtual private party is more your thing, go here for details.

You're not logged in!

Compare scores with friends on all Sporcle quizzes.
OR
Log In

Sporcle TV

Today on Sporcle TV


Watch our educational content, quiz creation guides, and fun videos on Sporcle TV.

Show Comments

Extras

Top Quizzes Today


Score Distribution

Paid Content

Your Account Isn't Verified!

In order to create a playlist on Sporcle, you need to verify the email address you used during registration. Go to your Sporcle Settings to finish the process.

Report this User

Report this user for behavior that violates our Community Guidelines.

Details: